<?xml version="1.0" encoding="UTF-8"?><?xml-stylesheet type="text/xsl" href="static/style.xsl"?><OAI-PMH xmlns="http://www.openarchives.org/OAI/2.0/" xmlns:xsi="http://www.w3.org/2001/XMLSchema-instance" xsi:schemaLocation="http://www.openarchives.org/OAI/2.0/ http://www.openarchives.org/OAI/2.0/OAI-PMH.xsd"><responseDate>2026-04-17T04:13:43Z</responseDate><request verb="GetRecord" identifier="oai:www.recercat.cat:2117/441459" metadataPrefix="marc">https://recercat.cat/oai/request</request><GetRecord><record><header><identifier>oai:recercat.cat:2117/441459</identifier><datestamp>2025-09-13T10:52:05Z</datestamp><setSpec>com_2072_1033</setSpec><setSpec>col_2072_452950</setSpec></header><metadata><record xmlns="http://www.loc.gov/MARC21/slim" xmlns:dcterms="http://purl.org/dc/terms/" xmlns:xsi="http://www.w3.org/2001/XMLSchema-instance" xmlns:doc="http://www.lyncode.com/xoai" xsi:schemaLocation="http://www.loc.gov/MARC21/slim http://www.loc.gov/standards/marcxml/schema/MARC21slim.xsd">
   <leader>00925njm 22002777a 4500</leader>
   <datafield ind2=" " ind1=" " tag="042">
      <subfield code="a">dc</subfield>
   </datafield>
   <datafield ind2=" " ind1=" " tag="720">
      <subfield code="a">Cerdà Troncoso, Jorge Francisco</subfield>
      <subfield code="e">author</subfield>
   </datafield>
   <datafield ind2=" " ind1=" " tag="720">
      <subfield code="a">Medina Tapia, Marcos</subfield>
      <subfield code="e">author</subfield>
   </datafield>
   <datafield ind2=" " ind1=" " tag="720">
      <subfield code="a">Casanova Vásquez, Jessica</subfield>
      <subfield code="e">author</subfield>
   </datafield>
   <datafield ind2=" " ind1=" " tag="260">
      <subfield code="c">2004</subfield>
   </datafield>
   <datafield ind2=" " ind1=" " tag="520">
      <subfield code="a">La investigación plantea el problema de entender el potencial crecimiento de la ciudad de Santiago en suelos rurales a partir de los efectos de los instrumentos de regulación de los usos y la subdivisión del suelo. La metodología desarrollada para el estudio consiste en un análisis y georeferenciación de las subdivisiones y cambios de usos aprobados por el Ministerio de Agricultura y el Ministerio de Vivienda y Urbanismo en el período 1994-2003. También se analiza el mercado de las viviendas de hasta 1000 UF, y las viviendas sociales en un contexto territorial, esto con el objeto de verificar la conformación de núcleos urbanos fuera del área de la planificación. Los resultados indican que 1) el poblamiento de la región metropolitana de Santiago tiene una dinámica propia, con una fuerte componente de difusión centrifuga de la población. La población se mueve desde un núcleo denso hacia una periferia que esta paulatinamente aumentando su densidad. 2) También se verifica que la evolución en el territorio del PRMS (Plan Regulador Metropolitano de Santiago) ha generado un escape de la acción de otros instrumentos como la ley 3.516 (parcelación de agrado), y el art Nº 55 de la LGUC, aumentando fuertemente la intensidad de las subdivisiones y los cambios de uso en suelo en las zonas rurales que aún no están incorporadas al PRMS. 3) Las lógicas de localización tanto de viviendas sociales como de vivienda de hasta 1000 UF tienen que ver con la factibilidad económica del negocio inmobiliario, es por esto que tanto la vivienda social como la de 1000 UF de preferencia no saldrán fuera del límite urbano, y si lo hace se localizará inmediatamente al lado del límite urbano. Lo anterior en el entendido que el negocio inmobiliario requiere de una serie de condiciones urbanas para ser económicamente factible. Estas condiciones aumentan los costos si se quisiera alejar del límite urbano. Finalmente, se demuestra que a la fecha existen núcleos urbanos en formación fuera de las áreas planificadas. Esto por el hecho que existen concentraciones en el espacio de subdivisiones y cambios de usos que han sido aprobadas sin considerar su localización.</subfield>
   </datafield>
   <datafield ind2=" " ind1=" " tag="520">
      <subfield code="a">Peer Reviewed</subfield>
   </datafield>
   <datafield ind2=" " ind1=" " tag="520">
      <subfield code="a">Postprint (published version)</subfield>
   </datafield>
   <datafield ind1="8" ind2=" " tag="024">
      <subfield code="a">http://hdl.handle.net/2117/441459</subfield>
   </datafield>
   <datafield tag="653" ind2=" " ind1=" ">
      <subfield code="a">Àrees temàtiques de la UPC::Urbanisme</subfield>
   </datafield>
   <datafield tag="653" ind2=" " ind1=" ">
      <subfield code="a">Expansión urbana</subfield>
   </datafield>
   <datafield tag="653" ind2=" " ind1=" ">
      <subfield code="a">Mercado inmobiliario</subfield>
   </datafield>
   <datafield tag="653" ind2=" " ind1=" ">
      <subfield code="a">Normativa territorial</subfield>
   </datafield>
   <datafield tag="653" ind2=" " ind1=" ">
      <subfield code="a">Suelo agrícola</subfield>
   </datafield>
   <datafield ind2="0" ind1="0" tag="245">
      <subfield code="a">Expansión urbana de Santiago en Áreas Rurales: normativa territorial y mercado inmobiliario</subfield>
   </datafield>
</record></metadata></record></GetRecord></OAI-PMH>